000 00647nam a22002177a 4500
003 UA-OsUOA
001 101332
007 ta
008 20130613b un ||||| |||| 00| 0 ukr d
090 _a031
_bД38
942 _cBK
040 _aUA-OsUOA
_brus
_cUA-OsUOA
_dUA-OsUOA
245 _aДетская энциклопедия
_bдля среднего и старшего возраста
_cЗа ред. Васина-Гроссмана В. А.
_n12
300 _a639 с.
955 _a2
041 _arus
080 _a031
260 _aМ.
_bПросвещение
_c1968
650 7 _a0 Загальний відділ.
_2UDC
999 _c387554
_d387554